000 002250000a22000970004500
100 1 _aPhilip, Jim
245 1 0 _aA tribute to William Still
300 _aVol. 16, Núm 3 (1998), Páginas 73-75
773 0 _tEvangel
942 _cANA
999 _c54472
_d54472